000
00212 a2200097 4500
001
27759
100
_a
Collins, L
245
_a
Freedom at midnight
260
_a
_b
Vikas Publisher House
_c
090
_c
18549
_d
18549
942
_a
NUST-CAE
_c
M
_c
9501
999
_c
262832
_d
262832